000 00423nam a2200181Ia 4500
008 230711s9999||||xx |||||||||||||| ||und||
020 _a978-81-219-0599-2
041 _aENG
082 _a531
_bMA-M
100 _aMathur, D.S
245 0 _aMechanics
250 _aRevised edition Ed.
260 _c2022
_aNew Delhi
_bS.Chand & Company Ltd
300 _a834p.
650 _aPhysics
700 _aHemne, P.S
942 _cBK
999 _c9763
_d9763